000 00423nam a2200157Ia 4500
003 IN-BaIIA
008 211028s9999 xx 000 0 eng d
040 _cIIA Library
080 _a621.1
_bJON-2
100 _aJones, E. B
_92906
245 0 _aInstrument tehchnology
_bvol. 2
_cE. B. Gareth Jones'
260 _aLondon
_bButterworths
_c1956
300 _axi, 208p.
650 _aInstrumentation technology
_92907
942 _cBK
999 _c1689
_d1689